| 000 | 00684nam a2200229Ia 4500 | ||
|---|---|---|---|
| 001 | 2555 | ||
| 005 | 20240113233545.0 | ||
| 007 | ta | ||
| 008 | 050226s1981 a g b000 u eng u | ||
| 040 | _aRef.Stack | ||
| 041 | _aeng | ||
| 082 |
_a385.905 _bGOA |
||
| 110 | _aGovt. of Assam . | ||
| 245 | 0 |
_aReport of the Committee on the Economics of mechanised road transport industry in Assam / _cGovt. of Assam. _hReports |
|
| 250 | _a1st ed / | ||
| 260 |
_aAssam : _bGovt. of Assam , _c1981. |
||
| 300 |
_a33p. : _bill ; _c32cm. . |
||
| 653 | _aReport : Committee on the Economics of mechanised road transport industry | ||
| 942 |
_2ddc _cBK |
||
| 999 |
_c2548 _d2548 |
||